000 00654nam a2200205Ia 4500
005 20260121110141.0
008 008 260114s9999 xx 000 0 hin d
020 _a9788132354987
037 _aEBOOK
040 _aCRL
_bhin
_cCRL
041 _ahin
_2hin
084 _qCRL
100 _aप्रदीप दूबे / Pradeep Dubey
_9942662
245 0 _aआधुनिक गद्य साहित्य / Aadhunik Gady Sahitya
260 _bभाषा प्रकाशन / Bhasha Prakashan
_c2021
856 _uhttps://bhashaprakashan.com/product-details/378635
942 _cEBOOK
999 _c1534327
_d1534327